| 000 | 00000nam##2200000za#4500 |
| 001 | 9.688378 |
| 003 | CaOODSP |
| 005 | 20210624231410 |
| 007 | cr ||||||||||| |
| 008 | 150407|2006||||xxc|||||o f|0| 0 eng|d |
| 020 | |a0-662-43357-2 |
| 040 | |aCaOODSP|beng |
| 043 | |an-cn--- |
| 086 | 1 |aHS28-47/2006E-PDF |
| 110 | 1 |aCanada.|bHuman Resources and Skills Development Canada. |bStrategic Policy and Planning. |
| 245 | 10|aAudit of management of information of the Canada Student Loans Program (CSLP) - service providers |h[electronic resource] |
| 260 | |aOttawa - Ontario : |bHuman Resources and Skills Development Canada. |c2006. |
| 590 | |a13-09-Supp|b2013-04-04 |
| 690 | 07|aStudent loans|2gcpds |
| 690 | 07|aAudit|2gcpds |
| 690 | 07|aFederal programs|2gcpds |
| 775 | 08|tVérification de la gestion de l'information du Programme canadien de prêts aux étudiants (PCPÉ) - fournisseurs de services |w(CaOODSP)9.632802 |
| 856 | 40|ahttp://publications.gc.ca|qPDF|s685 KB|uhttps://publications.gc.ca/collections/collection_2013/rhdcc-hrsdc/HS28-47-2006-eng.pdf |
| 986 | |aSP-653-10-05E |